Statistics for World's Most Cultured Cities

Click here to take the quiz!

General Stats

  • This quiz has been taken 433 times
  • The average score is 19 of 24

Answer Stats

HintAnswer% Correct
Paris
97%
Paris
97%
Highest Number of UNESCO world heritages (4; 4; 3)Paris
97%
Highest Number of public libraries (830; 470; 383)Paris
97%
Highest Number of movie cinemas (302; 230; 118)Paris
97%
Paris
97%
Highest number of other museums (162; 140; 126)London
94%
London
94%
London
94%
Highest Number of (stage) theaters (420; 353; 230)New York
94%
New York
94%
Tokyo
82%
Highest Number of video game arcades (997; 587; 278)Tokyo
82%
Highest Number of bookshops (1675; 1322; 1025)Tokyo
82%
Berlin
80%
Berlin
80%
Berlin
80%
Shanghai
52%
Shanghai
52%
Shanghai
52%
Shanghai
52%
Highest number of national museums (27; 24; 18)Shanghai
52%
Istanbul
32%
Mumbai
26%

Score Distribution

Percentile by Number Answered

Percent of People with Each Score

Your Score History

You have not taken this quiz